[Event "BL2-W9596"]
[Site "Germany"]
[Date "1996.??.??"]
[Round "?"]
[White "Levin, Felix"]
[Black "Roeder, Mathias"]
[Result "1-0"]
[WhiteElo "2480"]
[BlackElo "2445"]

1.d4 Nf6 2.Nf3 g6 3.c4 Bg7 4.g3 O-O 5.Bg2 d6 6.O-O c6 7.Nc3 Qa5 8.e4 Bg4
9.h3 Bxf3 10.Bxf3 Nfd7 11.Be3 a6 12.a3 c5 13.d5 b5 14.Be2 Qb6 15.Qc2 Bd4
16.Bh6 Rc8 17.cxb5 c4 18.a4 Qc5 19.Bg4 Qb4 20.Rfd1 Bh8 21.Be3 h5 22.Na2 Qxb2
23.Qxb2 Bxb2 24.b6 Rc5 25.Be2 Bxa1 26.Rxa1 Nxb6 27.Bxc5 dxc5 28.Nc3 N8d7
29.Rb1 Kf8 30.f4 f6 31.Kf2 a5 32.Ke3 Ke8 33.e5 fxe5 34.fxe5 Rb8 35.Ke4 Kd8
36.Rb5 Ra8 37.h4 Kc7 38.Bd1 Rf8 39.Rxa5 Rf5 40.d6+ Kc6 41.dxe7 Rxe5+ 42.Kf4 Nd5+
43.Nxd5 Rf5+ 44.Ke3 Re5+ 45.Kd2 Kxd5 46.Ra7 Rxe7 47.a5 Kd4 48.Ba4 c3+ 49.Kd1 c2+
50.Kxc2 Re2+ 51.Kd1 Ra2 52.Bxd7 Kd3 53.Bb5+ c4 54.Rd7+ Kc3 55.a6 Kb4 56.Rb7 c3  1-0

[Event "BL2-N9697"]
[Site "Germany"]
[Date "1996.??.??"]
[Round "?.1"]
[White "Gisbrecht, Ewgeni"]
[Black "Joecks, Christian"]
[Result "1-0"]
[WhiteElo "2370"]
[BlackElo "2370"]

1.Nf3 Nf6 2.c4 g6 3.g3 Bg7 4.d4 O-O 5.Bg2 d6 6.O-O c6 7.Nc3 Qa5 8.e4 Bg4
9.h3 Bxf3 10.Bxf3 Nfd7 11.Be3 a6 12.a3 c5 13.b4 Qd8 14.Rc1 cxd4 15.Bxd4 Bh6
16.Rc2 Nc6 17.Nd5 Nxd4 18.Qxd4 Rc8 19.Be2 Rc6 20.Qa7 Re8 21.Qxb7 Nb8 22.c5 e6
23.b5 Rxc5 24.Rxc5 dxc5 25.bxa6 Nxa6 26.Bxa6 exd5 27.exd5 Bg7 28.Qc6 Bd4
29.Bc4 Kg7 30.a4 Re7 31.Kg2 h5 32.h4 Rc7 33.Qb6 Qe7 34.Qb1 Ra7 35.Bb5 Qe5
36.Bc6 c4 37.Qe1 Qf6 38.Qe4 c3 39.Qf3 Qd6 40.Qd3 Bf6 41.Ra1 Ra5 42.Bb5 Ra8
43.Qc4 Rd8 44.Rd1 Qa3 45.Rb1 c2 46.Qxc2 Rxd5 47.Qb3 Qd6 48.Qb4 Qc7 49.Qc4 Rc5
50.Qe4 Re5 51.Qc6 Qa5 52.Rd1 Qb4 53.Qc4 Qa5 54.Rd7 Re7 55.Rxe7 Bxe7 56.Qd4+ Bf6
57.Qd5 Bc3 58.Qf3 Qb4 59.Be8 Bf6 60.Qd5 Qe7 61.Bc6 Qa7 62.a5 Bd4 63.Be8 Bxf2
64.Qxf7+ Qxf7 65.Bxf7 Ba7 66.Be8 Kh6 67.a6 g5 68.Kh3 Bb6 69.Bxh5  1-0

[Event "BL2-N9697"]
[Site "Germany"]
[Date "1996.??.??"]
[Round "?.5"]
[White "Tatenhorst, Volker"]
[Black "Sieg, Ulrich"]
[Result "1/2-1/2"]
[WhiteElo "2280"]
[BlackElo "2320"]

1.d4 Nf6 2.c4 g6 3.Nf3 Bg7 4.g3 O-O 5.Bg2 d6 6.O-O c6 7.Nc3 Qa5 8.d5 Qb4
9.Qd3 cxd5 10.cxd5 Bf5 11.a3 Bxd3 12.axb4 Be4 13.Nxe4 Nxe4 14.Ne1 Nf6 15.Nd3 Na6
16.Bg5 Nc7 17.Rfc1 Nb5 18.Bxf6 Bxf6 19.e3 Rfc8 20.Bh3 Rc7 21.Rxc7 Nxc7 22.e4 Bd4
23.Rc1 Bb6 24.Kg2 Kg7 25.Rc4 Kf6 26.f4 Kg7 27.Kf3 Rf8 28.Nc1 e6 29.dxe6 fxe6
30.Nb3 d5 31.Rc2 Rf7  1/2-1/2

[Event "Oberliga Ost C9596"]
[Site "Germany"]
[Date "1996.??.??"]
[Round "?"]
[White "Schoebel, Wolfgang"]
[Black "Petri, Bernd"]
[Result "1/2-1/2"]
[WhiteElo "2245"]
[BlackElo "2135"]

1.d4 Nf6 2.c4 g6 3.g3 Bg7 4.Bg2 O-O 5.Nf3 d6 6.O-O Nc6 7.Nc3 e5 8.d5 Na5
9.Nd2 c5 10.a3 b6 11.b4 Nb7 12.e4 Ne8 13.Bb2 f5 14.exf5 gxf5 15.Qe2 Nf6 16.Rae1 cxb4
17.axb4 a5 18.bxa5 Nxa5 19.f4 e4 20.Nb5 Rf7 21.Bh3 h5 22.Rb1 Ng4 23.Bxg4 hxg4
24.Bxg7 Rxg7 25.Nd4 Qc7 26.Rfc1 Bd7  1/2-1/2

[Event "BL2-S9697"]
[Site "Germany"]
[Date "1996.??.??"]
[Round "?.8"]
[White "Schulze, Ulrich"]
[Black "Werner, Veronika"]
[Result "1-0"]
[WhiteElo "2355"]
[BlackElo "2205"]

1.Nf3 Nf6 2.g3 g6 3.Bg2 Bg7 4.c4 d6 5.d4 O-O 6.O-O a6 7.b3 c5 8.Bb2 cxd4
9.Nxd4 Qc7 10.Nc3 Nc6 11.Rc1 Nxd4 12.Qxd4 Be6 13.Rfd1 Rfc8 14.Na4 Ne8 15.Qd2 Bxb2
16.Qxb2 Rab8 17.c5 Qa5 18.Qd4 Rd8 19.Qh4 f6 20.Qf4 Bf7 21.Qe3 e5 22.cxd6 Rxd6
23.Qc5 Qd8 24.Rxd6 Qxd6 25.Qxd6 Nxd6 26.Rd1 Nf5 27.e3 b6 28.Bh3 Kg7 29.Rd7 b5
30.Nc5 a5 31.Ra7 a4 32.b4 Kg8 33.Nd7 Rd8 34.Nxf6+ Kg7 35.Nd7 Kg8 36.Bxf5 gxf5
37.a3 e4 38.Kg2 Rc8 39.Nc5 Rd8 40.Nd7 Rc8 41.Nf6+ Kg7 42.Nd5 Rc1 43.Rb7 Ra1
44.Nc3 Kg8 45.Rb8+ Kg7 46.Rb7 Kg8 47.Nxb5 Bc4 48.h3 Bf1+ 49.Kh2 Ra2 50.Nd4 Bd3
51.Kg2 Rxa3 52.b5 Ra1 53.Ra7 Rb1 54.Rxa4 Bxb5 55.Ra5 Bf1+ 56.Kh2  1-0

[Event "BL2-W9697"]
[Site "Germany"]
[Date "1996.??.??"]
[Round "?.3"]
[White "Schulz, Klaus Juergen"]
[Black "Grabarczyk, Bogdan"]
[Result "0-1"]
[WhiteElo "2400"]
[BlackElo "2440"]

1.d4 Nf6 2.Nf3 g6 3.c4 Bg7 4.g3 O-O 5.Bg2 d6 6.O-O Nbd7 7.Nc3 e5 8.e4 c6
9.h3 Qa5 10.Re1 exd4 11.Nxd4 Ne5 12.Bf1 Re8 13.Be3 Be6 14.Nxe6 Rxe6 15.Rb1 Rae8
16.b4 Qc7 17.Rc1 Qb8 18.Qe2 a6 19.a4 h5 20.Bg2 Nh7 21.f4 Nd7 22.Qd3 Qd8 23.Bf2 h4
24.gxh4 Nhf6 25.Bf3 Bh6 26.Bg3 Qb6+ 27.Kh1 Qxb4 28.Rb1 Qa5 29.f5 gxf5 30.Rg1 Kh8
31.exf5 Re3 32.Qxd6 Qxc3 33.Rxb7 Qd3 34.Bd5 cxd5 35.Rxd7 dxc4  0-1

[Event "Oberliga Ost B9596"]
[Site "Germany"]
[Date "1996.??.??"]
[Round "?"]
[White "Schreiter, Thomas"]
[Black "Fischer, Kay"]
[Result "1/2-1/2"]
[WhiteElo "2130"]
[BlackElo "2140"]

1.d4 Nf6 2.c4 g6 3.g3 Bg7 4.Bg2 d6 5.Nf3 O-O 6.O-O Nbd7 7.Nc3 e5 8.e4 Re8
9.Re1 c6 10.h3 Qa5 11.Be3 exd4 12.Nxd4 Nc5 13.Nb3 Nxb3 14.axb3 Qc7 15.Bxa7 Be6
16.Be3 Nd7 17.Qc2 Nc5 18.f4 Qb6 19.f5 Rxa1 20.Rxa1 Bxf5 21.b4 Qxb4 22.exf5 Rxe3
23.Ra8+ Bf8 24.Qd2 Rxg3 25.Qxd6 Rxg2+ 26.Kxg2 Qxb2+ 27.Kf1 Qa1+ 28.Rxa1 Bxd6
29.Ke2 Be5 30.Ra8+ Kg7 31.Nd1 gxf5 32.Ne3 Ne6 33.Nxf5+ Kf6 34.Ne3 Nf4+ 35.Kf3 Nxh3
36.Ng4+ Kf5 37.Ne3+ Kg6 38.Rg8+ Bg7 39.Rb8 Ng5+ 40.Kg2 b5 41.cxb5 cxb5 42.Rxb5 Ne6
43.Kg3 h5 44.Nf5 Bf6 45.Ra5 Bd8 46.Rd5 Bc7+ 47.Kh4 Nf4 48.Rb5 f6 49.Ne7+ Kf7
50.Nd5  1/2-1/2

[Event "Oberliga Ost B9596"]
[Site "Germany"]
[Date "1996.??.??"]
[Round "?"]
[White "Pieniazek, Artur"]
[Black "Zschaemisch, Dirk"]
[Result "1-0"]
[WhiteElo "2430"]
[BlackElo "2295"]

1.d4 Nf6 2.c4 g6 3.Nf3 Bg7 4.g3 O-O 5.Bg2 d6 6.Nc3 Nc6 7.d5 Na5 8.Nd2 c5
9.O-O a6 10.Rb1 e6 11.b3 Rb8 12.Bb2 b5 13.dxe6 Bxe6 14.cxb5 axb5 15.Nde4 Rb6
16.Qd2 b4 17.Nxf6+ Bxf6 18.Ne4 Bxb2 19.Qxb2 f5 20.Nd2 Qe7 21.e3 Nc6 22.Rfd1 h6
23.Qc2 Ra6 24.Nc4 Rd8 25.Qe2 d5 26.Ne5 Qa7 27.Nxg6 Rxa2 28.Qh5 Qg7 29.Nf4  1-0

[Event "Hessenliga 9596"]
[Site "Germany"]
[Date "1996.??.??"]
[Round "?"]
[White "Heck, Norbert"]
[Black "Degenhardt, Horst"]
[Result "1/2-1/2"]
[WhiteElo "2290"]
[BlackElo "2350"]

1.d4 Nf6 2.Nf3 g6 3.g3 Bg7 4.Bg2 O-O 5.c4 d6 6.O-O Nc6 7.Nc3 Rb8 8.d5 Na5
9.Nd2 c5 10.Qc2 e6 11.Rb1 exd5 12.Nxd5 Nc6 13.Nxf6+ Qxf6 14.Ne4 Qf5 15.Bf4 Be5
16.Bxe5 Qxe5 17.Qc3 Nd4 18.Rbe1 f5 19.f4 Qe7 20.e3 Nf3+ 21.Bxf3 fxe4 22.Bg2 h5
23.h3 Bf5 24.Rd1 Qf6 25.Qc2 Qe6 26.Rf2 b5 27.Rd5 Rb6 28.Rfd2 b4 29.Qd1 Rf6
30.Kh2 Ra6 31.b3 Kf8 32.Qc2 Ke7 33.Rd1 Rf8 34.R5d2 Kd7 35.Kg1 Re8 36.Kh2 Qf6
37.Kg1 g5 38.Rd5 Kc7 39.Qd2 g4 40.h4 Qe6 41.Qb2 Qf7 42.R1d2 Rg8 43.Kf2 Re8
44.Bf1 Qg6 45.Be2 Re6 46.Qh8 Re8 47.Qb2 Re6 48.Ke1 Qf6 49.Qxf6 Rxf6 50.Kd1 Rb6
51.Kc1 Rb8 52.Bd1 a5 53.Bc2 Re8 54.Kb2 Kc6 55.a3 Kc7 56.Rd1 Kc6 57.Ra1 Kb6
58.Ra2 Kb7 59.axb4 axb4 60.Ra5 Kb6 61.Ra4 Kb7 62.Ra2 Kb6 63.Rd1 Bd7 64.Rda1 Bc6
65.Ra6+ Kc7 66.R1a5 Rf7 67.Ra7+ Bb7 68.Rb5 Kb8 69.Ra6 Rd7 70.Ra1 Kc7 71.Ra7  1/2-1/2

[Event "Hessenliga 9596"]
[Site "Germany"]
[Date "1996.??.??"]
[Round "?"]
[White "Heck, Norbert"]
[Black "Soos, Bela"]
[Result "0-1"]
[WhiteElo "2290"]
[BlackElo "2355"]

1.d4 Nf6 2.Nf3 g6 3.g3 Bg7 4.Bg2 O-O 5.c4 d6 6.O-O Bg4 7.h3 Bxf3 8.Bxf3 Nc6
9.Nc3 Nd7 10.Be3 e5 11.dxe5 Ncxe5 12.Bxb7 Nxc4 13.Bxa8 Nxe3 14.fxe3 Qxa8
15.Qd5 Qb8 16.Qb5 Qd8 17.Rad1 Ne5 18.Kg2 Qg5 19.Rf4 Qd8 20.Qd5 Bh6 21.Ra4 Qb8
22.b3 Bxe3 23.Qb5 Bb6 24.Rh4 c6 25.Qb4 d5 26.Na4 Re8 27.Nxb6 axb6 28.Qf4 f5
29.g4 Qd8 30.gxf5 gxf5 31.Kh1 Ng6 32.Rg1 Re4 33.Qxe4 dxe4 34.Rf4 Qd2 35.Rxf5 Qxe2
36.h4 Qe3 37.Kh2 Qd2+ 38.Kh1 Qd7 39.Rgg5 e3 40.h5 e2 41.Re5 Qd1+ 42.Rg1 Qxg1+
43.Kxg1 Nxe5  0-1

[Event "Hessenliga 9596"]
[Site "Germany"]
[Date "1996.??.??"]
[Round "?"]
[White "Schnelzer, Reinhard"]
[Black "Degenhardt, Horst"]
[Result "1/2-1/2"]
[WhiteElo "2305"]
[BlackElo "2350"]

1.Nf3 Nf6 2.c4 g6 3.g3 Bg7 4.Bg2 d6 5.d4 O-O 6.Nc3 Nc6 7.O-O a6 8.d5 Na5
9.Nd2 c5 10.Qc2 Rb8 11.b3 b5 12.Bb2 e5 13.dxe6 fxe6 14.cxb5 axb5 15.Nce4 Nxe4
16.Nxe4 Bxb2 17.Qxb2 Bb7 18.e3 Bxe4 19.Bxe4 d5  1/2-1/2

[Event "Hessenliga 9596"]
[Site "Germany"]
[Date "1996.??.??"]
[Round "?"]
[White "Schnelzer, Reinhard"]
[Black "Soos, Bela"]
[Result "1/2-1/2"]
[WhiteElo "2305"]
[BlackElo "2355"]

1.Nf3 g6 2.g3 Bg7 3.d4 d6 4.Bg2 Nf6 5.c4 O-O 6.Nc3 Bg4 7.h3 Bxf3 8.exf3 Nfd7
9.f4 Nc6 10.Be3 Nb6 11.b3 e6 12.O-O d5 13.c5 Nd7 14.Qd2 Nxc5 15.dxc5 d4 16.Bxc6 bxc6
17.Bxd4 Qxd4 18.Qxd4 Bxd4 19.Rac1 Bxc5 20.Na4 Bb6 21.Rxc6 Rfd8 22.Rfc1 Rd2
23.Nxb6 cxb6 24.R1c2 Rad8 25.Rc7 a5 26.Kf1 Kg7 27.Ke1 Rxc2 28.Rxc2 Rd5 29.Rc6 b5
30.Ke2 Kf6 31.a3  1/2-1/2

[Event "BL2-O9596"]
[Site "Germany"]
[Date "1996.??.??"]
[Round "?"]
[White "Bewersdorff, Oliver"]
[Black "Jansa, Vlastimil"]
[Result "1/2-1/2"]
[WhiteElo "2385"]
[BlackElo "2500"]

1.d4 d6 2.g3 g6 3.Bg2 Bg7 4.Nf3 Nf6 5.c4 O-O 6.Nc3 c6 7.O-O Bf5 8.b3 Ne4
9.Bb2 Nxc3 10.Bxc3 Be4 11.Qd2 e6 12.Qe3 d5 13.Bh3 Bxf3 14.Qxf3 f5 15.Qd3 Nd7
16.Rac1 Nf6 17.b4 a6 18.a4 Ne4 19.c5 Qe7 20.f4 g5 21.e3 gxf4 22.gxf4 Kh8
23.Be1 Bf6 24.Rc2 Rg8+ 25.Rg2 Bh4 26.Qe2 Bxe1 27.Qxe1 Qf6 28.a5 Qh6 29.Rf3 Qh5
30.Qe2 Rxg2+ 31.Bxg2 Rg8 32.Rf2 Qh4 33.Rf1 Rg6 34.Re1 Nf6 35.Qf2 Qh5 36.Qe2 Qh4
37.Qf2 Qh5 38.Qe2 Qh6 39.Kh1 Nh5 40.Kg1 Nf6 41.Kh1 Nh5 42.Kg1 Rg4 43.Qf2 Kg8
44.Kf1 Nf6 45.Bf3 Ne4 46.Bxe4 fxe4 47.Re2 Qg6 48.Qg2 Kf7 49.Qh1 Qh5 50.Ke1 Qh4+
51.Kd2 Qh3 52.Qe1 Kf6 53.Qf2 Kf5 54.Kc3 h6 55.Qe1 Rxf4 56.Kd2 Rf1 57.Rf2+ Rxf2+
58.Qxf2+ Qf3 59.Qh4 Qg2+ 60.Ke1 Qg1+ 61.Kd2 Qg2+ 62.Ke1 Qg5 63.Qh3+ Kf6 64.Kd2 h5
65.Qf1+ Qf5 66.Qe1 Qg4 67.Qf2+ Qf3 68.Qh4+ Kg6 69.h3 Qg2+ 70.Ke1 Qg5 71.Qf2 Qf5
72.Qg3+ Qg5 73.Qf2 h4 74.Kd2 Kg7 75.Ke2 Qf6 76.Qg2+ Qg6 77.Qf2 Qh5+ 78.Kd2 Qg5
79.Ke2 e5 80.dxe5 Qxe5 81.Qxh4 Qb2+ 82.Kf1 Qxb4  1/2-1/2

[Event "Landesliga Sued 9697 Bayern"]
[Site "Germany"]
[Date "1996.??.??"]
[Round "?"]
[White "Wehr, Stephan"]
[Black "Hackenberg, Andreas"]
[Result "1/2-1/2"]
[WhiteElo "2180"]
[BlackElo "2120"]

1.Nf3 Nf6 2.g3 g6 3.Bg2 Bg7 4.d4 O-O 5.c4 d6 6.O-O Nc6 7.d5 Na5 8.Nfd2 c5
9.Nc3 a6 10.Qc2 Rb8 11.b3 b5 12.Bb2 bxc4 13.bxc4 Bh6 14.f4 e5 15.Rae1 exf4
16.gxf4 Nh5 17.e3 Bg7 18.Nd1 f5 19.Bxg7 Nxg7 20.Qc3 Bd7  1/2-1/2

[Event "Landesliga N9596 Bayern"]
[Site "Germany"]
[Date "1996.??.??"]
[Round "?"]
[White "Jirovsky, Milos"]
[Black "Sinkovics, Peter"]
[Result "1-0"]
[WhiteElo "2370"]
[BlackElo "2300"]

1.c4 g6 2.Nf3 Bg7 3.d4 Nf6 4.g3 O-O 5.Bg2 d6 6.O-O Nc6 7.Nc3 e5 8.d5 Ne7
9.e4 Nd7 10.Be3 f5 11.Ng5 Nb6 12.Ne6 Bxe6 13.dxe6 Nxc4 14.Bg5 c6 15.Qb3 Nb6
16.a4 h6 17.Bxe7 Qxe7 18.a5 Nc8 19.exf5 gxf5 20.a6 Nb6 21.axb7 Qxb7 22.Rfd1 d5
23.Nxd5 cxd5 24.Bxd5 Qe7 25.Bxa8 Rxa8 26.Qxb6 axb6 27.Rxa8+ Kh7 28.Rd7 Qxe6
29.Raa7 Kg6 30.Rxg7+ Kh5 31.Raf7 f4 32.f3  1-0

[Event "Landesliga N9596 Bayern"]
[Site "Germany"]
[Date "1996.??.??"]
[Round "?"]
[White "Reinhart, Harald"]
[Black "Wuerl, Roland"]
[Result "1/2-1/2"]
[WhiteElo "2070"]
[BlackElo "2065"]

1.d4 Nf6 2.Nf3 g6 3.c4 Bg7 4.g3 O-O 5.Bg2 d6 6.Nc3 Nbd7 7.O-O e5 8.Qc2 Re8
9.Rd1 c6 10.dxe5 dxe5 11.b3 Qa5 12.e4 Nf8 13.h3 h6 14.Be3 Qc7 15.c5 Nh5 16.Rac1 f5
17.exf5 gxf5 18.Rd6 Be6 19.Nh4 Qf7 20.Qd2 f4 21.gxf4 Nxf4 22.Bxf4 exf4 23.Nf3 Qh5
24.Qxf4 Bxh3 25.Ne4 Nh7 26.Ng3 Qg4 27.Qxg4 Bxg4 28.Nh4 Re5 29.Bf1 Nf8 30.f3 Be6
31.Ne4 Bd5 32.Bd3 Rh5 33.Ng6 Bd4+ 34.Kg2 Bxe4 35.Bxe4 Rg5+ 36.Kh3 Rh5+ 37.Kg4 Rg5+
38.Kf4 Bxc5 39.Rf6 Nxg6+ 40.Rxg6+ Rxg6 41.Bxg6 Rf8+ 42.Ke4 Kg7 43.Bh5 Bb6
44.Rd1 Rd8  1/2-1/2

[Event "Landesliga N9596 Bayern"]
[Site "Germany"]
[Date "1996.??.??"]
[Round "?"]
[White "Seibold, Hubert"]
[Black "Weinmann, Stefan"]
[Result "1-0"]
[WhiteElo "2215"]
[BlackElo "1985"]

1.Nf3 Nf6 2.g3 g6 3.Bg2 Bg7 4.c4 d6 5.d4 O-O 6.Nc3 Nbd7 7.O-O c6 8.e4 e5
9.h3 Qe7 10.Re1 Rb8 11.Be3 a6 12.b4 exd4 13.Bxd4 Re8 14.Rc1 Nh5 15.Rc2 Ne5
16.Nxe5 Bxe5 17.Qd3 Qf6 18.Rd1 Be6 19.Ne2 b5 20.cxb5 cxb5 21.f4 Bc4 22.Qe3 Bxe2
23.Rxe2 Bxd4 24.Qxd4 Qxd4+ 25.Rxd4 Nxg3 26.Rc2 Rbc8 27.Rxc8 Rxc8 28.Rxd6 Rc4
29.a3 Ne2+ 30.Kf2 Nxf4 31.Bf1 Rc3 32.Rxa6 Nxh3+ 33.Ke2 Ng5 34.Bg2 h5 35.Ra5 h4
36.Rxb5 f6 37.e5 Rc2+ 38.Kf1 h3 39.Bd5+ Kf8 40.exf6 Ke8 41.Rb8+  1-0

[Event "Landesliga N9596 Bayern"]
[Site "Germany"]
[Date "1996.??.??"]
[Round "?"]
[White "Straschewski, Joerg"]
[Black "Seibold, Hubert"]
[Result "0-1"]
[WhiteElo "1965"]
[BlackElo "2215"]

1.d4 Nf6 2.Nf3 g6 3.c4 Bg7 4.g3 O-O 5.Bg2 d6 6.O-O Nbd7 7.Qc2 e5 8.Rd1 Re8
9.e4 c6 10.Nc3 Qb6 11.b3 exd4 12.Nxd4 Nc5 13.Bb2 a5 14.Kh1 a4 15.bxa4 Qa6
16.Nb3 Qxc4 17.Rd4 Qe6 18.Rad1 Qe7 19.Ba3 Ng4 20.Rxd6 Nxa4 21.Nxa4 Rxa4 22.Bc5 Qc7
23.h3 Ne5 24.f4 Nc4 25.R6d3 b5 26.e5 Bf5 27.Rd8 Rxd8  0-1

[Event "Landesliga N9596 Bayern"]
[Site "Germany"]
[Date "1996.??.??"]
[Round "?"]
[White "Susanu, Marius"]
[Black "Vodicka, Vlastimil"]
[Result "1/2-1/2"]
[WhiteElo "2175"]
[BlackElo "2350"]

1.d4 Nf6 2.Nf3 d6 3.g3 g6 4.Bg2 Bg7 5.c4 O-O 6.O-O Nbd7 7.Nc3 e5 8.h3 c6
9.e4 exd4 10.Nxd4 a5 11.b3 Re8 12.Bb2 Nc5 13.Re1 Qb6 14.Rb1 Bd7 15.Ba1 Rad8
16.a3 h5 17.b4 axb4 18.axb4 Ne6 19.Nf3 Bc8 20.Qc2 Qc7 21.Rbd1 Nd7 22.Na4 Bxa1
23.Rxa1 Ne5 24.Kh2 Nxf3+ 25.Bxf3 Qe7 26.Rad1 h4 27.Bg2 Ng5 28.Qc3 Nh7 29.Nb6 hxg3+
30.fxg3 Be6 31.b5 Qc7 32.Na4 cxb5 33.cxb5 Qe7 34.Nb6 Qg5 35.Nd5 Rc8 36.Qd3 Qe5
37.b6 Rc6 38.Nc7 Rc8 39.Nxe6 fxe6 40.Qd4 Qxd4 41.Rxd4 Rxb6 42.Red1 Rc2 43.R1d2 Rxd2
44.Rxd2 e5 45.h4 Nf6 46.Bf3 Kg7 47.g4 Rc6 48.Ra2 Rc4 49.Rb2 Nxe4 50.Rxb7+ Kf6
51.Rd7 Ke6 52.Rg7  1/2-1/2

[Event "Landesliga Sued 9697 Bayern"]
[Site "Germany"]
[Date "1996.??.??"]
[Round "?"]
[White "Galow, Wolfgang"]
[Black "Epding, Olaf"]
[Result "0-1"]
[WhiteElo "1950"]
[BlackElo "2115"]

1.d4 Nf6 2.Nf3 g6 3.c4 Bg7 4.g3 O-O 5.Bg2 d6 6.O-O c6 7.b3 e5 8.dxe5 Ng4
9.Bg5 Qd7 10.Nc3 h6 11.Bf6 Nxf6 12.exf6 Bxf6 13.Qd2 Bg7 14.Rad1 Rd8 15.Nd4 Qe7
16.e4 Na6 17.f4 Bg4 18.Rde1 Qf6 19.e5 dxe5 20.fxe5 Qe7 21.Qf4 Qd7 22.Nc2 Nc5
23.Ne3 Be6 24.Rd1 Qc7 25.Ng4 Bxg4 26.Qxg4 Qxe5 27.Ne4 f5 28.Qxg6 fxe4 29.Rde1 Rf8
30.b4 Rxf1+ 31.Rxf1 Qe6 32.Qxe6+ Nxe6 33.Bxe4 Ng5 34.Bg2 Rd8 35.Rc1 Rd2 36.b5 cxb5
37.cxb5 b6 38.a4 Bd4+ 39.Kh1 Bc5 40.Re1 Kg7  0-1

[Event "Landesliga Sued 9697 Bayern"]
[Site "Germany"]
[Date "1996.??.??"]
[Round "?"]
[White "Droletz, Juergen"]
[Black "Schmaus, Horst"]
[Result "0-1"]
[WhiteElo "2155"]
[BlackElo "2055"]

1.Nf3 d6 2.d4 Nf6 3.c4 g6 4.g3 Bg7 5.Bg2 O-O 6.O-O Nbd7 7.Nc3 e5 8.e4 c6
9.Re1 Ng4 10.h3 exd4 11.Nxd4 Qf6 12.Qxg4 Qxd4 13.Qe2 Ne5 14.Rd1 Qxc4 15.Qxc4 Nxc4
16.Bf1 Be6 17.Bxc4 Bxc4 18.Rxd6 Rad8 19.Rxd8 Rxd8 20.Be3 a6 21.a3 Bb3 22.Rc1 Kf8
23.Kf1 Ke8 24.Ke2 Rd7 25.Bc5 Bc4+ 26.Ke1 Be6 27.g4 h5 28.f3 Rd3 29.Kf2 hxg4
30.hxg4 Rd2+ 31.Ke3 Rxb2 32.f4 Bxg4 33.e5 Bf8 34.Ne4 Rb3+ 35.Kd4 Bxc5+ 36.Kxc5 Ke7
37.Nf6 Bf3 38.Kd4 Ke6  0-1

[Event "NRW-Liga II 9596"]
[Site "Germany"]
[Date "1996.??.??"]
[Round "?"]
[White "Gruen, Peter"]
[Black "Buenermann, Volker"]
[Result "1/2-1/2"]
[WhiteElo "2375"]
[BlackElo "2290"]

1.d4 Nf6 2.Nf3 g6 3.g3 Bg7 4.Bg2 O-O 5.c4 d6 6.Nc3 Nbd7 7.O-O e5 8.e4 c6
9.b3 Re8 10.h3 a6 11.Be3 exd4 12.Nxd4 Nc5 13.Qc2 Qe7 14.Rfe1 Bd7 15.Rad1 Nfxe4
16.Bf4 f5 17.b4 Ne6 18.Nxe6 Bxc3 19.Nc7 Bxe1 20.Rxe1 Qf6 21.Nxa8 Rxa8 22.f3 Ng5
23.Bc1 Ne6 24.Bb2 Nd4 25.Qd2 c5 26.Bxd4 cxd4 27.Rd1 Kf7 28.Qxd4 Qxd4+ 29.Rxd4 Ke7
30.Kf2 Rc8 31.Ke3 Be6 32.Bf1 b6 33.h4 a5 34.a3 axb4 35.axb4 h6 36.f4 Ra8
37.Be2 Ra4 38.b5 Ra3+ 39.Rd3 Ra4 40.Rc3 Kf6 41.Rd3 Ke7  1/2-1/2

[Event "NRW-Liga I 9596"]
[Site "Germany"]
[Date "1996.??.??"]
[Round "?"]
[White "Rohde, Ulrich"]
[Black "Homann, Stefan"]
[Result "1-0"]
[WhiteElo "2285"]
[BlackElo "2255"]

1.Nf3 Nf6 2.c4 d6 3.d4 g6 4.g3 Bg7 5.Bg2 O-O 6.O-O Nbd7 7.Nc3 e5 8.e4 h6
9.h3 Nh7 10.Be3 Ng5 11.Nxg5 hxg5 12.d5 f5 13.g4 f4 14.Bd2 c6 15.Qf3 Bf6 16.b4 c5
17.a3 b6 18.Rfc1 Kg7 19.Bf1 Be7 20.Na4 Rh8 21.Qg2 Nf6 22.f3 Bd7 23.Nb2 Rh7
24.Nd3 Qc7 25.bxc5 bxc5 26.Qe2 Rah8 27.Nf2 Rh4 28.Rab1 Qc8 29.Rb3 Bd8 30.a4 Bc7
31.a5 Nh5 32.gxh5 gxh5 33.Bg2 g4 34.fxg4 hxg4 35.hxg4 Bxg4 36.Nxg4 Rxg4 37.Rf1 Rh6
38.Rf2 Rhh4 39.Kf1 Qh8 40.Rh3 Rg3 41.Rxh4 Qxh4 42.Rf3 Rg6 43.Qf2  1-0

[Event "BL9697 (Women)"]
[Site "Germany"]
[Date "1996.??.??"]
[Round "?"]
[White "Mueller, Andrea"]
[Black "Barthel, Bergit"]
[Result "0-1"]
[WhiteElo "2085"]
[BlackElo "2095"]

1.d4 Nf6 2.c4 g6 3.Nf3 Bg7 4.g3 O-O 5.Bg2 d6 6.O-O Nbd7 7.Nc3 e5 8.e4 exd4
9.Nxd4 Re8 10.h3 Nc5 11.Re1 c6 12.Qc2 a5 13.Be3 a4 14.Rad1 Qa5 15.Bf4 Qb4
16.Bxd6 Qxc4 17.b3 axb3 18.axb3 Qb4 19.Na4 Nfd7 20.Nxc5 Bxd4 21.Nxb7 Qb6
22.Bc5 Bxc5 23.Rxd7 Bxf2+ 24.Qxf2 Qxf2+ 25.Kxf2 Bxd7 26.Nc5 Be6 27.Rc1 Ra2+
28.Kf3 Rb2 29.Rc3 Rb8 30.Nxe6 fxe6 31.h4 R8xb3 32.Rxb3 Rxb3+ 33.Kf4 Kf7 34.Bf1 Rc3
35.Ke5 Rxg3 36.Bc4 Ke7 37.Bxe6 Rc3 38.Bg8 h6 39.Bh7 Kf7 40.Kd6 Kg7  0-1

[Event "BL9697 (Women)"]
[Site "Germany"]
[Date "1996.??.??"]
[Round "?"]
[White "Litinskaya, Marta I"]
[Black "Bielicki, Birke"]
[Result "1-0"]
[WhiteElo "2355"]
[BlackElo "2095"]

1.d4 Nf6 2.c4 g6 3.Nf3 Bg7 4.g3 O-O 5.Bg2 d6 6.O-O Nbd7 7.Nc3 e5 8.e4 exd4
9.Nxd4 Re8 10.h3 a6 11.Be3 Nc5 12.Qc2 Bd7 13.Rfe1 Rb8 14.Rad1 Qc8 15.Kh2 b5
16.b4 Na4 17.Nxa4 bxa4 18.b5 a3 19.Qd3 axb5 20.cxb5 Re5 21.Nc6 Bxc6 22.bxc6 Ra5
23.Bd4 Ra4 24.Bc3 Ne8 25.Rb1 Bxc3 26.Qxc3 Ng7 27.Rb3 Rxb3 28.Qxb3 Ra6 29.e5 dxe5
30.Qb7 Ra8 31.Rxe5 Qd8 32.Rd5 Qf8 33.Qxc7 Ne6 34.Qe5 Ra7 35.Rb5 Nc7 36.Rb7 Rxb7
37.cxb7 Qb8 38.Qa5  1-0

[Event "BL9697 (Women)"]
[Site "Germany"]
[Date "1996.??.??"]
[Round "?"]
[White "Kachiani Gersinska, Ketino"]
[Black "Bobrowska, Monika"]
[Result "0-1"]
[WhiteElo "2390"]
[BlackElo "2305"]

1.d4 Nf6 2.c4 g6 3.g3 Bg7 4.Bg2 O-O 5.Nf3 d6 6.O-O Nbd7 7.Nc3 e5 8.h3 a6
9.dxe5 dxe5 10.Be3 c6 11.Qd2 Qe7 12.Rad1 Qb4 13.b3 Re8 14.Ng5 Nf8 15.c5 Ne6
16.Na4 Qxd2 17.Rxd2 Nxg5 18.Bxg5 Be6 19.Rfd1 h6 20.Nb6 hxg5 21.Nxa8 Rxa8
22.Rd8+ Rxd8 23.Rxd8+ Bf8 24.Rb8 Nd7 25.Rxb7 Nxc5 26.Rb6 Bd5 27.b4 Nd7 28.Rxa6 e4
29.Ra7 Ne5 30.a3 Bd6 31.Rb7 c5 32.Rb5 Bc6 33.Rb6 Bc7 34.Ra6 c4 35.Rxc6 Nxc6
36.Bxe4 Nd4 37.Kf1 Nb5 38.a4 Nc3 39.Bc2 Na2 40.b5 Nb4 41.Be4 f5 42.Ba8 Ba5
43.Ke1 Nd3+ 44.Kd1 Nxf2+ 45.Kc2 Kg7 46.Bd5 c3 47.Bg2 Kf6 48.b6 Bxb6 49.Kxc3 Ne4+
50.Bxe4 fxe4 51.Kc4 Bc7 52.Kd5 Kf5 53.g4+ Kf4 54.Kd4 Bb6+ 55.Kd5 Ke3 56.Ke5 Ba5
57.Kd5 Bc3 58.Kc4 Kd2 59.e3 Ba1 60.a5 Kxe3  0-1

[Event "NRW-Liga I 9697"]
[Site "Germany"]
[Date "1996.??.??"]
[Round "1.6"]
[White "Roski, Ferdinand"]
[Black "Bachmann, Karlheinz"]
[Result "1/2-1/2"]
[WhiteElo "2230"]
[BlackElo "2325"]

1.d4 Nf6 2.c4 g6 3.g3 Bg7 4.Bg2 O-O 5.Nf3 d6 6.O-O Nc6 7.h3 a6 8.Be3 Rb8
9.Nbd2 e5 10.dxe5 dxe5 11.Rc1 Qe7 12.Nb3 Rd8 13.Qe1 h6 14.Rd1 Be6 15.Qc3 Nd7
16.Qc1 Kh7 17.Nh2 Qb4 18.Nd2 Nd4 19.Rfe1 Nf5 20.Nhf1 c6 21.a3 Qe7 22.b4 Nxe3
23.Nxe3 f5 24.c5 e4 25.Ndc4 Ne5 26.Nxe5 Bxe5 27.Nc4 Bc7 28.e3 Rxd1 29.Rxd1 Rd8
30.Bf1 g5 31.Qc2 Bd5 32.Nb6 Qe5 33.Rd4 f4 34.Nc4 Qf5 35.exf4 gxf4 36.g4 Qg6
37.f3 Bxc4 38.Rxd8 Bxd8 39.Bxc4 Kg7 40.fxe4 Qf6 41.Qd3 Be7 42.Kg2 Qb2+ 43.Kf3 Qh2
44.e5 Qxh3+ 45.Kxf4 Bg5+ 46.Kf5 Qxd3+ 47.Bxd3 Kf7 48.Ke4 Bc1 49.a4 Ba3 50.Kd4 Bxb4
51.Bf5 a5 52.Bc8 Ke7 53.Bxb7 Kd7 54.Ba6 Ba3 55.Bf1 Bb2+ 56.Ke4 Ba3 57.Kf5 Bxc5
58.Kf6 Be7+ 59.Kf7 Bg5 60.Bd3 c5 61.Bb5+ Kd8 62.Ke6 Bf4 63.Bd3 Bg3 64.Kd6 Bf4  1/2-1/2

[Event "NRW-Liga II 9697"]
[Site "Germany"]
[Date "1996.??.??"]
[Round "4.3"]
[White "Rohde, Ulrich"]
[Black "Hubert, Ralf"]
[Result "1/2-1/2"]
[WhiteElo "2285"]
[BlackElo "2355"]

1.Nf3 g6 2.d4 Bg7 3.c4 Nf6 4.g3 O-O 5.Bg2 d6 6.O-O Nbd7 7.Nc3 c6 8.e4 e5
9.h3 a6 10.Re1 b5 11.c5 dxc5 12.dxe5 Ne8 13.Bg5 Qc7 14.Be7 c4 15.e6 fxe6
16.Bxf8 Bxf8 17.e5 Nc5 18.Re2 Bb7 19.Qc2 Qe7 20.h4 Bh6 21.Rd1 Nc7 22.Nh2 Nd5
23.Ng4 Bg7 24.Ne4 Nxe4 25.Bxe4 Rf8 26.Qd2 Kh8 27.Qg5 Qe8 28.Nf6 Qf7 29.h5 Bxf6
30.exf6 Qxf6 31.Qxf6+ Rxf6 32.hxg6 hxg6 33.Bg2 Kg7 34.Rde1 Bc8 35.Bh3 Kf7
36.Rc1 Bd7 37.Bg2 Ke7 38.b3 cxb3 39.axb3 Kd6 40.Rd2 Rf8 41.Be4 g5 42.Kg2 c5
43.Rdc2 Rc8 44.Ra1 Rc6 45.Rd2 Rb6 46.Rh1 Bc6 47.f4 gxf4 48.gxf4 Rb8 49.Kf2 c4
50.bxc4 bxc4 51.f5 c3 52.Rd3 Rb2+ 53.Kg3 exf5 54.Rh6+ Ke5 55.Bxd5 Bxd5 56.Rxc3 f4+
57.Kg4 Rg2+ 58.Kh3 Ra2 59.Kg4 f3 60.Rh5+ Kd4 61.Rc1 Bc4 62.Rxc4+ Kxc4 63.Kxf3 a5
64.Ke3 a4 65.Ra5 Kb4 66.Ra8 Rc2 67.Kd3 Rc7 68.Rb8+ Ka3 69.Kd2 Ka2 70.Rb4 a3
71.Rb8 Rh7 72.Kc2 Rh2+ 73.Kc1 Rh1+ 74.Kc2 Ka1 75.Ra8 Rh2+ 76.Kc1 Ka2 77.Rb8 Rb2
78.Ra8 Rb4 79.Kc2 Rc4+ 80.Kd2 Rb4 81.Kc2  1/2-1/2